| 000 | 00719cam a2200241 a 4500 | ||
|---|---|---|---|
| 001 | 3034698 | ||
| 003 | OSt | ||
| 005 | 20240619095950.0 | ||
| 008 | 950728s1997 enka b 001 0 eng | ||
| 010 | _a 95037567 | ||
| 020 | _a0521434564 | ||
| 020 | _a0521435919 | ||
| 040 |
_aDDC _cMUST |
||
| 082 | 0 | 0 |
_a502.8 WAT 1997 _222 |
| 100 | 1 |
_aWatt, Ian M., _917487 |
|
| 245 | 1 | 4 |
_aThe principles and practice of electron microscopy / _cIan M. Watt. |
| 250 | _a2nd ed. | ||
| 260 |
_aCambridge ; _aNew York : _bCambridge University Press, _c1997. |
||
| 300 |
_ax, 484 p. : _bill. ; _c26 cm. |
||
| 504 | _aIncludes bibliographical references and indexes. | ||
| 650 | 0 |
_aElectron microscopy. _917488 |
|
| 942 |
_2ddc _cO_SHELF |
||
| 999 |
_c8635 _d8635 |
||